Ochranári pripravili návrh Návštevného poriadku Tatranského národného parku

Bibliographic Details
Main Author: Ovšonka, Rastislav, 1972- (Author)
Format: Article
Language:Slovak
PhysicalDescription:Fotografie
ISSN:1210-2423
Subjects:

MARC

LEADER 00000nab a2200000 r4500
001 vtls011845097
003 SK-MaSNL
005 20260426102348.0
008 190311c20190205xo wr|p|||||||000 b|slo
015 |a SNBRB2019/02 
038 |a PPPK 
040 |a PPPKCL  |b slo  |e rda 
041 0 |a slo 
043 |a e-xo--- 
044 |a xo  |c SK 
072 7 |a 502  |x Životné prostredie a jeho ochrana  |2 konspekt 
080 |a 502.21(1-751.2)  |x (437.6)  |2 2011 
080 |a 502.17  |x (437.6)  |2 2011 
100 1 |a Ovšonka, Rastislav,  |d 1972-  |4 aut  |9 194552 
245 1 0 |a Ochranári pripravili návrh Návštevného poriadku Tatranského národného parku  |c Rastislav Ovšonka ; Snímka: jat 
300 |b Fotografie 
336 |a text  |b txt  |2 rdacontent 
337 |a bez média  |b n  |2 rdamedia 
338 |a zväzok  |b nc  |2 rdacarrier 
610 2 7 |a Správa Tatranského národného parku (Svit, Slovensko)  |2 pppkcl  |9 1106006 
630 0 7 |a Návštevný poriadok Tatranského národného parku  |2 pppkcl  |9 1188967 
648 7 |a 31.1.2019  |2 pppkcl  |9 1587636 
650 0 7 |a národné parky  |2 pppkcl  |9 3797 
650 0 7 |a ochrana prírody  |2 pppkcl  |9 3778 
650 0 7 |a návštevné poriadky  |2 pppkcl  |9 1091712 
650 0 7 |a prezentácie  |2 pppkcl  |9 353798 
651 7 |a Tatranský národný park (Slovensko)  |2 pppkcl  |9 106968 
651 7 |a Liptovský Mikuláš (Slovensko)  |2 pppkcl  |9 36847 
651 7 |a Vysoké Tatry (Slovensko : mesto)  |2 pppkcl  |9 176366 
773 0 |t Podtatranské noviny  |g Roč. LX, č. 6 (5.2.2019), s. 1  |x 1210-2423 
852 |a PPPK  |b KIS3GCP 
999 |c 3253821  |d 3255751